000 00655nam a2200205Ia 4500
005 20241216011505.0
008 190429s9999||||xx |||||||||||||| ||und||
082 _a332.63
_bA197
100 _aAYRA ALVAREZ NOEMI COSSI, SANDOVAL TERREL KARLA YULIANA
245 0 _aEL COMERCIO ELECTRONICO Y SU INCIDENCIA EN EL IMPUESTO GENERAL A LAS VENTAS Y EL IMPUESTO A LA RENTA EN EL PERU
250 _a0
260 _aCERRO DE PASCO-PERU
_bUNDAC
_c2004
300 _a62 pag.
_c70 cm.
341 _h0
490 _v0
_a0
505 _aMETODOLOGI-TECNICAS-INVESTIGACION
541 _aD
_bAYRA ALVAREZ
_d16-Jan-07
_oSoles
650 _aContabilidad
942 _cTESIS
999 _c43313
_d43313